NBA Stat Leaders By Team - Statistics

General Stats
  • This quiz has been taken 545 times
  • The average score is 55 of 92
Answer Stats
Team Players % Correct
Cleveland Cavaliers LeBron James
95%
Chicago Bulls Michael Jordan
95%
Los Angeles Clippers DeAndre Jordan
94%
Dallas Mavericks Dirk Nowitzki
92%
Los Angeles Lakers, Milwaukee Bucks Kareem Abdul-Jabbar
91%
Los Angeles Lakers Kobe Bryant
90%
Golden State Warriors Wilt Chamberlain
90%
Atlanta Hawks Dominique Wilkins
89%
Miami Heat Dwyane Wade
89%
Houston Rockets Hakeem Olajuwon
89%
Minnesota Timberwolves Kevin Garnett
89%
Boston Celtics Bill Russell
88%
Los Angeles Clippers, New Orleans Pelicans Chris Paul
88%
New Orleans Pelicans Anthony Davis
87%
Detroit Pistons Isiah Thomas
87%
Los Angeles Lakers Magic Johnson
87%
Oklahoma City Thunder Russell Westbrook
87%
San Antonio Spurs Tim Duncan
87%
Indiana Pacers Dale Davis
86%
Brooklyn Nets Jason Kidd
86%
Utah Jazz Karl Malone
86%
Phoenix Suns Walter Davis
86%
Memphis Grizzlies Marc Gasol
84%
Houston Rockets James Harden
83%
Washington Wizards John Wall
83%
New York Knicks Patrick Ewing
83%
Indiana Pacers Reggie Miller
83%
Orlando Magic Dwight Howard
80%
Utah Jazz John Stockton
80%
Sacramento Kings Oscar Robertson
80%
Portland Trail Blazers Clyde Drexler
79%
Indiana Pacers Jermaine O'Neal
79%
Phoenix Suns Steve Nash
79%
Philadelphia 76ers Julius Erving
78%
San Antonio Spurs Tony Parker
78%
Charlotte Hornets Kemba Walker
77%
Charlotte Hornets Alonzo Mourning
75%
Miami Heat Alonzo Mourning
75%
Denver Nuggets Dikembe Mutombo
75%
Boston Celtics John Havlicek
75%
Brooklyn Nets Brook Lopez
74%
Boston Celtics Paul Pierce
74%
Oklahoma City Thunder Gary Payton
73%
Denver Nuggets Alex English
72%
Boston Celtics Bob Cousy
71%
Toronto Raptors DeMar DeRozan
71%
Detroit Pistons Ben Wallace
70%
Atlanta Hawks Bob Pettit
70%
Toronto Raptors Chris Bosh
70%
Memphis Grizzlies Mike Conley
70%
San Antonio Spurs Manu Ginobili
68%
Toronto Raptors Kyle Lowry
65%
Boston Celtics Robert Parish
64%
Washington Wizards Wes Unseld
63%
Portland Trail Blazers Mychal Thompson
61%
Detroit Pistons Bill Laimbeer
58%
Washington Wizards Elvin Hayes
58%
New York Knicks Walt Frazier
57%
Chicago Bulls Artis Gilmore
53%
Golden State Warriors Chris Mullin
52%
Los Angeles Clippers Randy Smith
52%
Brooklyn Nets Buck Williams
51%
Los Angeles Lakers Elgin Baylor
51%
Utah Jazz Mark Eaton
46%
Oklahoma City Thunder Serge Ibaka
46%
Cleveland Cavaliers Zydrunas Ilgauskas
46%
Portland Trail Blazers LaMarcus Aldridge
40%
Philadelphia 76ers Hal Greer
37%
Golden State Warriors Nate Thurmond
34%
Phoenix Suns Alvan Adams
33%
Philadelphia 76ers Dolph Schayes
31%
Philadelphia 76ers Maurice Cheeks
31%
Miami Heat Udonis Haslem
31%
Charlotte Hornets Muggsy Bogues
28%
Oklahoma City Thunder Jack Sikma
26%
Denver Nuggets Dan Issel
24%
Denver Nuggets Fat Lever
24%
Orlando Magic Jameer Nelson
23%
Orlando Magic Nick Anderson
23%
Portland Trail Blazers Terry Porter
21%
Atlanta Hawks Doc Rivers
19%
Dallas Mavericks Derek Harper
18%
Atlanta Hawks Mookie Blaylock
18%
Atlanta Hawks Tree Rollins
17%
Phoenix Suns Larry Nance
11%
Charlotte Hornets Emeka Okafor
9%
Sacramento Kings Sam Lacey
6%
Milwaukee Bucks Alton Lister
5%
Golden State Warriors Guy Rodgers
5%
Milwaukee Bucks Paul Pressey
5%
Golden State Warriors Adonal Foyle
4%
Milwaukee Bucks Quinn Buckner
4%
No matching quizzes found
Score Distribution
Percent of People with Each Score
Percentile by Number Answered
Your Score History
You have not taken this quiz